000 00668nam a2200277Ia 4500
005 20260324150854.0
008 008 260324s9999 xx 000 0 eng d
020 _a9781003545200
037 _aEBOOK
040 _aCRL
040 _beng
040 _cCRL
041 _2eng
041 _aeng
084 _qCRL
100 _aJohn Minto
_91227917
245 2 _aA History of the Public Library Movement in Great Britain and Ireland
260 _bTaylor and Francis
260 _c1932
365 _a
365 _b165
856 _uhttp://www.taylorfrancis.com/books/9781003545200
942 _cEBOOK
999 _c1838117
_d1838117